Badges des Opérations de Counter Strike - Statistiques

Statistiques générales
  • Ce quiz a été pris 68 fois
  • Le résultat moyen est 7 sur 11
Statistiques - réponses
Par images Réponse % Correct
Hydra
89%
Riptide
83%
Phoenix
79%
Wildfire
70%
Broken Fang
66%
Breakout
64%
Vanguard
64%
Shattered Web
58%
Bloodhound
42%
Bravo
38%
Payback
21%
Aucun quiz correspondant
Distribution des résultats
% des personnes avec chaque résultat
Percentile par nombre de réponses
Votre historique - résultats
Vous n’avez pas pris ce quiz